Ville du Monde par leurs morts - Statistiques

Statistiques générales
  • Ce quiz a été pris 42 fois
  • Le résultat moyen est 10 sur 15
Statistiques - réponses
Hint Réponse % Correct
Adolf Hitler Berlin
95%
Félix Faure Paris
93%
John Fitzgerald Kennedy Dallas
90%
Jules César Rome
88%
John Lennon New York
85%
Gandhi New Delhi
83%
François Ferdinand Sarajevo
80%
Napoléon Ier Saint-Hélène
73%
Le Pape François Vatican
73%
Mustafa Kemal Atatürk Istanbul
68%
Karl Marx Londres
59%
Martin Luther King Memphis
39%
Bob Marley Miami
24%
Jean Moulin Metz
17%
Jésus Golgotha
10%
Aucun quiz correspondant
Distribution des résultats
% des personnes avec chaque résultat
Percentile par nombre de réponses
Votre historique - résultats
Vous n’avez pas pris ce quiz